[Event "Portugal Open 2020"]
[Site "Lisboa POR"]
[Date "2020.01.28"]
[Round "5.16"]
[White "Costa, Paulo"]
[Black "Vasli, Aref"]
[Result "0-1"]
[WhiteElo "2179"]
[BlackElo "2391"]
[WhiteFideId "1900900"]
[BlackFideId "417521"]
[WhiteTitle "NM"]
[BlackTitle "FM"]
[WhiteCountry "POR"]
[BlackCountry "IRI"]
[PlyCount "102"]
[EventDate "2020.??.??"]

1. Nf3 Nf6 2. g3 d5 3. Bg2 Bg4 4. O-O Nbd7 5. d3 c6 6. Nbd2 e5 7. h3 Bh5 8. e4
dxe4 9. dxe4 Qc7 10. Qe1 a5 11. a4 Bb4 12. c3 Be7 13. Nc4 O-O 14. Nh4 Rfd8 15.
Nf5 Bf8 16. g4 Bg6 17. f4 Bxf5 18. exf5 Re8 19. fxe5 Nxe5 20. Qg3 Nd5 21. Nxe5
Rxe5 22. Qf3 Rae8 23. c4 Ne3 24. Bxe3 Rxe3 25. Qf4 Bd6 26. Qd4 Bh2+ 27. Kh1 Qg3
28. Ra3 h6 29. Qd7 Qc7 30. Qxc7 Bxc7 31. Rxe3 Rxe3 32. Rf3 Re2 33. b3 Kf8 34.
Kg1 Bb6+ 35. Kh1 Ke7 36. Bf1 Rb2 37. Rd3 h5 38. g5 Rf2 39. f6+ gxf6 40. gxf6+
Rxf6 41. Be2 h4 42. Bg4 Rf1+ 43. Kg2 Rf2+ 44. Kh1 f5 45. Bh5 Rb2 46. Rf3 Rb1+
47. Kh2 f4 48. Bg4 Be3 49. Kg2 Rb2+ 50. Kh1 Rxb3 51. Rf1 Kd6 0-1

[Event "Portugal Open 2020"]
[Site "Lisboa POR"]
[Date "2020.01.28"]
[Round "5.17"]
[White "Mihajlov, Sebastian"]
[Black "Poysti, Nathanael"]
[Result "1-0"]
[WhiteElo "2374"]
[BlackElo "2203"]
[WhiteFideId "1512110"]
[BlackFideId "24622133"]
[WhiteTitle "IM"]
[WhiteCountry "NOR"]
[BlackCountry "GER"]
[PlyCount "141"]
[EventDate "2020.??.??"]

1. d4 Nf6 2. c4 e6 3. Nc3 d5 4. cxd5 exd5 5. Bg5 c6 6. e3 Be7 7. Bd3 Nbd7 8.
Nge2 O-O 9. O-O Re8 10. Qc2 Nf8 11. Rae1 g6 12. h3 Ne6 13. Bh4 b5 14. f3 a6 15.
Kh1 Bb7 16. a3 c5 17. dxc5 Nxc5 18. Rd1 Qb6 19. Nf4 Ncd7 20. Rfe1 Rac8 21. Bf1
Bc5 22. Qb3 Rxe3 23. Rxe3 Bxe3 24. Nfxd5 Nxd5 25. Nxd5 Bxd5 26. Qxd5 Nf6 27. Qe5
Nh5 28. g4 Bf4 29. Qe1 Ng7 30. Qe4 Ne6 31. Be1 Bb8 32. Bc3 Rd8 33. Rxd8+ Qxd8
34. Qc6 Nf8 35. Qf6 Qxf6 36. Bxf6 Nd7 37. Be7 Be5 38. b3 Bc3 39. Kg2 f6 40. a4
bxa4 41. Bc4+ Kg7 42. bxa4 a5 43. f4 h6 44. Kf3 g5 45. Bb5 Nb6 46. Ke4 gxf4 47.
Bc5 Nxa4 48. Bxa4 Kg6 49. Kxf4 Be5+ 50. Kf3 Kg7 51. Bb6 Bc3 52. Kf4 h5 53. Kf5
hxg4 54. hxg4 Kf7 55. Bd8 Kg7 56. Bb3 Bb2 57. Bxa5 Ba1 58. Bb6 Bc3 59. Be6 Bb2
60. Ke4 Bc3 61. Bd4 Bd2 62. Kf5 Bg5 63. Ba2 Bh4 64. Ke6 Bg5 65. Bb1 Bh4 66. Bc3
Bg5 67. Ke7 Bh4 68. Ke8 Bf2 69. g5 Bh4 70. Bxf6+ Kg8 71. Ba2+ 1-0

[Event "Portugal Open 2020"]
[Site "Lisboa POR"]
[Date "2020.01.28"]
[Round "5.18"]
[White "Tscharotschkin, Michael"]
[Black "Soham, Das"]
[Result "0-1"]
[WhiteElo "2156"]
[BlackElo "2355"]
[WhiteFideId "4619510"]
[BlackFideId "35026763"]
[BlackTitle "IM"]
[WhiteCountry "GER"]
[BlackCountry "IND"]
[PlyCount "88"]
[EventDate "2020.??.??"]

1. e4 c5 2. c3 d5 3. exd5 Nf6 4. d4 Nxd5 5. Nf3 e6 6. Nbd2 cxd4 7. Nxd4 a6 8.
N2f3 Bd6 9. Bd3 Nf4 10. Bxf4 Bxf4 11. Qa4+ Bd7 12. Qb4 Qc7 13. Be4 Ra7 14. Rd1
g6 15. Ne2 Be5 16. Nxe5 Qxe5 17. Qb6 Qxe4 18. Qxa7 O-O 19. f3 Qc2 20. Qxb7 Bb5
21. Qe4 Qxb2 22. a4 Bc6 23. Qc4 Bd5 24. Qb4 Qa2 25. Kf2 Bc4 26. Rhe1 Nc6 27. Qc5
Qxa4 28. Ra1 Qb5 29. Qxb5 axb5 30. Nd4 Nxd4 31. cxd4 Bd5 32. Reb1 Rb8 33. Rb4
Bc4 34. Ra7 Rd8 35. Ke3 g5 36. Rb1 Rd5 37. Ke4 Rf5 38. Rb2 Kg7 39. Rc7 Kg6 40.
Rc5 Rf4+ 41. Ke3 h5 42. Rb1 Rh4 43. h3 g4 44. Ra1 gxf3 0-1

[Event "Portugal Open 2020"]
[Site "Lisboa POR"]
[Date "2020.01.28"]
[Round "5.19"]
[White "Plichta, Kamil"]
[Black "Hulshof, Peter"]
[Result "1-0"]
[WhiteElo "2353"]
[BlackElo "2192"]
[WhiteFideId "1141830"]
[BlackFideId "1003291"]
[WhiteTitle "FM"]
[WhiteCountry "POL"]
[BlackCountry "NED"]
[PlyCount "69"]
[EventDate "2020.??.??"]

1. d4 g6 2. e4 Bg7 3. c3 c6 4. Bd3 d5 5. Nd2 dxe4 6. Nxe4 Nf6 7. Nxf6+ exf6 8.
Nf3 O-O 9. O-O Be6 10. Re1 Nd7 11. Bf4 Qb6 12. Qc2 Rac8 13. h4 c5 14. h5 cxd4
15. Nxd4 Ne5 16. Nxe6 Qxe6 17. hxg6 hxg6 18. Be4 b6 19. Qb3 Qg4 20. Bxe5 fxe5
21. a4 Kh8 22. a5 f5 23. Bf3 Qf4 24. axb6 axb6 25. Qxb6 Rb8 26. Qxg6 Rf6 27.
Qh5+ Rh6 28. g3 Qd2 29. Qxf5 Rf8 30. Qe4 Rhf6 31. Re2 Qd6 32. Ra8 Rxa8 33. Qxa8+
Rf8 34. Qe4 Rd8 35. Kg2 1-0

[Event "Portugal Open 2020"]
[Site "Lisboa POR"]
[Date "2020.01.28"]
[Round "5.21"]
[White "Rocha, Sérgio"]
[Black "Pires, Emanuel"]
[Result "1-0"]
[WhiteElo "2343"]
[BlackElo "2112"]
[WhiteFideId "1900404"]
[BlackFideId "1914715"]
[WhiteTitle "IM"]
[WhiteCountry "POR"]
[BlackCountry "POR"]
[PlyCount "113"]
[EventDate "2020.??.??"]

1. Nf3 d5 2. d4 Nc6 3. Bf4 Nf6 4. Nbd2 Bf5 5. e3 Nb4 6. Bb5+ c6 7. Ba4 e6 8. a3
Na6 9. O-O Bd6 10. Ne5 O-O 11. Qe2 Bxe5 12. Bxe5 Qa5 13. Bb3 Nd7 14. Bd6 Rfd8
15. Nf3 c5 16. Nh4 Bg6 17. Nxg6 hxg6 18. Bg3 Rac8 19. c3 Nc7 20. Bc2 Ne8 21. f3
Qb6 22. Rab1 Nd6 23. Bf2 e5 24. Rfd1 Qc6 25. Bb3 c4 26. Bc2 exd4 27. Rxd4 Nf6
28. Rbd1 Qb6 29. Bb1 Qc6 30. Bh4 Nb5 31. R4d2 Nc7 32. e4 Re8 33. e5 Nd7 34. f4
Nc5 35. Qe3 b6 36. h3 Qe6 37. Qf3 a5 38. Re2 Rb8 39. g4 Nd7 40. Rde1 b5 41. f5
gxf5 42. gxf5 Qh6 43. Qg4 Nf8 44. Bg5 Qb6+ 45. Be3 Qc6 46. Rg2 g6 47. Bd4 Re7
48. Qh4 Nce6 49. Qxe7 Nxd4 50. cxd4 Re8 51. Qh4 c3 52. bxc3 Qxc3 53. fxg6 fxg6
54. Bxg6 Re7 55. Bh7+ Kf7 56. Qh5+ Ke6 57. Bf5# 1-0

[Event "Portugal Open 2020"]
[Site "Lisboa POR"]
[Date "2020.01.28"]
[Round "5.22"]
[White "Marzano, Carlo"]
[Black "Risting, Eivind Olav"]
[Result "0-1"]
[WhiteElo "2078"]
[BlackElo "2306"]
[WhiteFideId "802980"]
[BlackFideId "1517333"]
[BlackTitle "FM"]
[WhiteCountry "ITA"]
[BlackCountry "NOR"]
[PlyCount "130"]
[EventDate "2020.??.??"]

1. d4 Nf6 2. c4 e6 3. Nf3 Bb4+ 4. Nbd2 O-O 5. a3 Be7 6. e4 d6 7. Be2 Nfd7 8. b4
e5 9. d5 a5 10. Rb1 axb4 11. axb4 c6 12. O-O cxd5 13. cxd5 Nb6 14. Nb3 f5 15.
Nfd2 Bg5 16. Bd3 Kh8 17. Na5 Na6 18. Qe2 f4 19. Rb3 Rf7 20. Ba3 Qf8 21. Rc3 Bd8
22. Qd1 Bd7 23. Qe2 Na4 24. Rb3 Bxa5 25. bxa5 N6c5 26. Bxc5 Nxc5 27. Ra3 g5 28.
Bb5 Bc8 29. Rc1 g4 30. Rcc3 Qd8 31. Nc4 Qf6 32. Qc2 Rc7 33. Nb6 Ra7 34. Rc4 f3
35. Qd2 fxg2 36. Qe3 Kg7 37. Kxg2 h5 38. Qc1 Kh7 39. Qe3 Kh8 40. Qd2 h4 41. Na4
g3 42. hxg3 h3+ 43. Kh2 Rxa5 44. Rb4 Rf7 45. f4 exf4 46. Qxf4 Qxf4 47. gxf4 Rxf4
48. Ra2 Rxe4 49. Rxe4 Nxe4 50. Nc3 Rxa2+ 51. Nxa2 Kg7 52. Bf1 Kf6 53. Nb4 Ke5
54. Bxh3 Bxh3 55. Kxh3 Nc3 56. Kg3 Nxd5 57. Nc2 Ke4 58. Kf2 Kd3 59. Ne1+ Kc3 60.
Ke2 b5 61. Kd1 b4 62. Kc1 Nb6 63. Nc2 Nc4 64. Na1 b3 65. Nc2 b2+ 0-1

[Event "Portugal Open 2020"]
[Site "Lisboa POR"]
[Date "2020.01.28"]
[Round "5.23"]
[White "Grabuzova, Tatiana"]
[Black "Jorge, Rita"]
[Result "1/2-1/2"]
[WhiteElo "2284"]
[BlackElo "1932"]
[WhiteFideId "4108752"]
[BlackFideId "1923161"]
[WhiteTitle "WGM"]
[BlackTitle "WFM"]
[WhiteCountry "RUS"]
[BlackCountry "POR"]
[PlyCount "132"]
[EventDate "2020.??.??"]

1. d4 Nf6 2. c4 e6 3. g3 Bb4+ 4. Bd2 Bxd2+ 5. Qxd2 Nc6 6. Bg2 d6 7. Nc3 O-O 8.
Nf3 e5 9. dxe5 dxe5 10. Qxd8 Rxd8 11. O-O Be6 12. b3 h6 13. Rfd1 a6 14. Ne1 Bf5
15. Nd5 Nxd5 16. cxd5 Ne7 17. e4 Bg4 18. f3 Bh5 19. Nd3 c6 20. Nxe5 cxd5 21.
exd5 Nxd5 22. g4 f6 23. Nc4 Bf7 24. f4 b5 25. Na5 Ne3 26. Bxa8 Nxd1 27. Bb7 Rd2
28. a4 Bd5 29. Bxd5+ Rxd5 30. Nc6 Rd6 31. Ne7+ Kf7 32. Nf5 Rd7 33. axb5 axb5 34.
Ra6 Nc3 35. Kf2 Nd5 36. Kf3 b4 37. h4 Nc3 38. h5 Rd3+ 39. Kf2 Rd2+ 40. Ke3 Rd7
41. Rd6 Rc7 42. Kd3 Na2 43. Rb6 Nc1+ 44. Ke4 Nxb3 45. Rxb4 Nc5+ 46. Kd5 Nd3 47.
Re4 Nf2 48. Nd6+ Kg8 49. Re8+ Kh7 50. Ke6 Nxg4 51. Nf7 g6 52. hxg6+ Kxg6 53.
Rg8+ Kh5 54. Nd6 Ra7 55. Ne4 Ra4 56. Nxf6+ Nxf6 57. Kxf6 Rxf4+ 58. Ke5 Rf1 59.
Ke4 Kh4 60. Ke3 h5 61. Ke2 Rf7 62. Rg1 Kh3 63. Rh1+ Kg4 64. Rg1+ Kh3 65. Rh1+
Kg4 66. Rg1+ Kh3 1/2-1/2

[Event "Portugal Open 2020"]
[Site "Lisboa POR"]
[Date "2020.01.28"]
[Round "5.24"]
[White "Fidalgo, André"]
[Black "Monteiro, José"]
[Result "1-0"]
[WhiteElo "2282"]
[BlackElo "1881"]
[WhiteFideId "1933620"]
[BlackFideId "1908057"]
[WhiteTitle "NM"]
[WhiteCountry "POR"]
[BlackCountry "POR"]
[PlyCount "141"]
[EventDate "2020.??.??"]

1. d4 Nf6 2. Nf3 g6 3. c4 c5 4. Nc3 cxd4 5. Nxd4 Bg7 6. g3 d5 7. Nf3 dxc4 8.
Qa4+ Nc6 9. Qxc4 O-O 10. Bg2 h6 11. O-O e5 12. Be3 Be6 13. Qa4 Qe7 14. Rfd1 Rfd8
15. Rxd8+ Rxd8 16. Bxa7 Nxa7 17. Qxa7 Qb4 18. Rb1 e4 19. a3 Qc4 20. Qb6 Qc8 21.
Nd4 Bc4 22. Rd1 Re8 23. Ndb5 Nd7 24. Qc7 Bxb5 25. Nxb5 Nf6 26. Qxc8 Rxc8 27. Nc3
e3 28. fxe3 Ng4 29. Bh3 h5 30. Bxg4 hxg4 31. Rd3 Kf8 32. Kf2 Ke8 33. e4 Rc4 34.
Nb5 Ke7 35. b3 Rxe4 36. e3 Re6 37. Nc7 Rc6 38. Nd5+ Ke8 39. Rd2 b5 40. Ra2 Rc5
41. e4 Bd4+ 42. Ke2 Rc1 43. Kd3 Bg7 44. Rc2 Rb1 45. Nc7+ Kd7 46. Nxb5 Rxb3+ 47.
Kc4 Re3 48. Rd2+ Ke7 49. Kd5 Rb3 50. Kc6 Ke6 51. Re2 Ke5 52. a4 Rb1 53. a5 Ra1
54. Kb6 Bf8 55. a6 Rc1 56. a7 Bc5+ 57. Kb7 Bxa7 58. Nxa7 Kd4 59. e5 Kd3 60. Rf2
Ke4 61. Nc6 Kd5 62. Rd2+ Ke4 63. Rd7 Kf3 64. Rxf7+ Kg2 65. Rh7 Re1 66. Kc7 Kg1
67. Kd7 Rd1+ 68. Ke7 Kg2 69. e6 Rc1 70. Kd6 Rd1+ 71. Kc7 1-0

[Event "Portugal Open 2020"]
[Site "Lisboa POR"]
[Date "2020.01.28"]
[Round "5.25"]
[White "Atakay, Mustafa"]
[Black "Baba, Masahiro"]
[Result "0-1"]
[WhiteElo "1886"]
[BlackElo "2274"]
[WhiteFideId "2071274"]
[BlackFideId "7000766"]
[BlackTitle "FM"]
[WhiteCountry "USA"]
[BlackCountry "JPN"]
[PlyCount "64"]
[EventDate "2020.??.??"]

1. d4 Nf6 2. c4 g6 3. g3 c6 4. Bg2 d5 5. Qa4 Bg7 6. cxd5 Nxd5 7. Nf3 O-O 8. O-O
Nd7 9. e4 N5b6 10. Qc2 e5 11. Rd1 exd4 12. Nxd4 Qe7 13. Nc3 Rd8 14. Nf3 Ne5 15.
Bf4 Bg4 16. Rxd8+ Rxd8 17. Nxe5 Bxe5 18. Bxe5 Qxe5 19. h3 Be6 20. b3 h5 21. Rd1
Rxd1+ 22. Nxd1 Qd4 23. Nc3 Nd7 24. Ne2 Qd6 25. Nf4 Nf8 26. Nd3 Bc8 27. Qc3 Ne6
28. f4 Nd4 29. Kf2 Nb5 30. Qc2 Qd4+ 31. Kf1 Nc3 32. a3 Nxe4 0-1

[Event "Portugal Open 2020"]
[Site "Lisboa POR"]
[Date "2020.01.28"]
[Round "5.26"]
[White "Silich, Yahor"]
[Black "Jaracz, Pawel"]
[Result "1/2-1/2"]
[WhiteElo "2158"]
[BlackElo "2466"]
[WhiteFideId "13513656"]
[BlackFideId "1102222"]
[WhiteTitle "FM"]
[BlackTitle "GM"]
[WhiteCountry "BLR"]
[BlackCountry "POL"]
[PlyCount "64"]
[EventDate "2020.??.??"]

1. e4 c5 2. Nf3 e6 3. Nc3 a6 4. g3 Nc6 5. Bg2 d6 6. O-O Be7 7. d4 cxd4 8. Nxd4
Bd7 9. Nxc6 Bxc6 10. a4 Nf6 11. a5 O-O 12. Be3 Qd7 13. Qe2 Rac8 14. Bd4 e5 15.
Be3 Qg4 16. Qxg4 Nxg4 17. Bb6 g6 18. Rad1 f5 19. exf5 Bxg2 20. Kxg2 gxf5 21. Nd5
Kf7 22. c3 Nf6 23. Nxf6 Kxf6 24. Rd5 Ke6 25. Rfd1 f4 26. Kf1 h5 27. R5d3 Rf5 28.
f3 Kd7 29. Ke2 Rg8 30. Bf2 Ke6 31. c4 fxg3 32. Ke3 e4 1/2-1/2

[Event "Portugal Open 2020"]
[Site "Lisboa POR"]
[Date "2020.01.28"]
[Round "5.27"]
[White "Silva, Gonçalo"]
[Black "Sarkar, Justin"]
[Result "1/2-1/2"]
[WhiteElo "2133"]
[BlackElo "2385"]
[WhiteFideId "1915100"]
[BlackFideId "2010011"]
[BlackTitle "IM"]
[WhiteCountry "POR"]
[BlackCountry "USA"]
[PlyCount "76"]
[EventDate "2020.??.??"]

1. e4 c5 2. Nf3 a6 3. c3 d5 4. exd5 Qxd5 5. d4 Nf6 6. Be2 cxd4 7. cxd4 e6 8. O-O
Nc6 9. Nc3 Qd6 10. Bg5 Be7 11. Bh4 O-O 12. Qd2 b5 13. Bg3 Qd8 14. Rfd1 Bb7 15.
Rac1 Qb6 16. Bf4 Rfd8 17. Be3 Ng4 18. a3 Nxe3 19. Qxe3 Bf6 20. Ne4 Bxd4 21. Nxd4
Nxd4 22. Bd3 Rac8 23. h3 e5 24. Rxc8 Bxc8 25. b4 Bf5 26. Nc5 Bxd3 27. Rxd3 f6
28. Qe4 g6 29. Kh1 Kf7 30. f4 Ne6 31. Rxd8 Qxd8 32. fxe5 Nxc5 33. bxc5 fxe5 34.
Qxe5 Qe7 35. Qf4+ Qf6 36. Qc7+ Qe7 37. Qf4+ Qf6 38. Qc7+ Qe7 1/2-1/2

[Event "Portugal Open 2020"]
[Site "Lisboa POR"]
[Date "2020.01.28"]
[Round "5.28"]
[White "Bashirli, Nail"]
[Black "Borges, Guilherme Deola"]
[Result "1-0"]
[WhiteElo "2379"]
[BlackElo "2134"]
[WhiteFideId "13406809"]
[BlackFideId "2109085"]
[WhiteTitle "IM"]
[WhiteCountry "AZE"]
[BlackCountry "BRA"]
[PlyCount "75"]
[EventDate "2020.??.??"]

1. e4 c5 2. Nc3 a6 3. Nf3 e6 4. g3 b5 5. Bg2 Bb7 6. d3 d6 7. O-O Nf6 8. Ng5 h6
9. Nh3 b4 10. Nb1 d5 11. e5 Nfd7 12. f4 g6 13. Be3 Nc6 14. Nd2 Qc7 15. c4 d4 16.
Bf2 a5 17. Ne4 a4 18. a3 b3 19. g4 Be7 20. Bg3 O-O-O 21. Qe2 h5 22. Nhg5 Rdf8
23. h4 hxg4 24. Qxg4 Nd8 25. Rae1 Kb8 26. Rf2 Ka7 27. Kf1 f5 28. exf6 Nxf6 29.
Nxf6 Bxf6 30. Nxe6 Nxe6 31. Rxe6 Bc8 32. f5 Qg7 33. Rc6 Bxf5 34. Rxf5 gxf5 35.
Qf4 Rc8 36. Qd6 Rxc6 37. Qxc6 Qxg3 38. Qb7# 1-0

[Event "Portugal Open 2020"]
[Site "Lisboa POR"]
[Date "2020.01.28"]
[Round "5.29"]
[White "Cordeiro, João"]
[Black "Löffner, Stefan"]
[Result "1-0"]
[WhiteElo "2005"]
[BlackElo "2376"]
[WhiteFideId "1935291"]
[BlackFideId "4603257"]
[BlackTitle "IM"]
[WhiteCountry "POR"]
[BlackCountry "GER"]
[PlyCount "71"]
[EventDate "2020.??.??"]

1. e4 Nf6 2. e5 Nd5 3. d4 d6 4. Nf3 dxe5 5. Nxe5 c6 6. Be2 Bf5 7. O-O Nd7 8.
Nxd7 Qxd7 9. a3 g6 10. c4 Nc7 11. Be3 Bg7 12. Qd2 O-O 13. Rd1 b5 14. Nc3 bxc4
15. Bxc4 Rfd8 16. Rac1 Be6 17. Qe2 Bd5 18. Nxd5 cxd5 19. Bd3 a5 20. b3 Ne6 21.
Bb5 Qa7 22. Qb2 Rac8 23. Rxc8 Rxc8 24. a4 Qb7 25. Qd2 Nc7 26. Rc1 Nxb5 27. Rxc8+
Qxc8 28. axb5 Qc7 29. g3 Bf8 30. Qc1 Qxc1+ 31. Bxc1 e5 32. dxe5 Bc5 33. Kf1 Kf8
34. Ke2 Ke7 35. f4 Kd7 36. Bd2 1-0

[Event "Portugal Open 2020"]
[Site "Lisboa POR"]
[Date "2020.01.28"]
[Round "5.30"]
[White "Sabuk, Piotr"]
[Black "Fidalgo, Daniel"]
[Result "1-0"]
[WhiteElo "2360"]
[BlackElo "2076"]
[WhiteFideId "1137565"]
[BlackFideId "1934279"]
[WhiteTitle "IM"]
[WhiteCountry "POL"]
[BlackCountry "POR"]
[PlyCount "35"]
[EventDate "2020.??.??"]

1. d4 Nf6 2. c4 g6 3. Nc3 d5 4. cxd5 Nxd5 5. e4 Nxc3 6. bxc3 Bg7 7. Nf3 c5 8. h3
O-O 9. Be2 Nc6 10. Be3 Qa5 11. O-O Rd8 12. d5 Ne5 13. Nd2 b6 14. c4 Ba6 15. Rb1
Nc6 16. dxc6 Bc3 17. c7 Rd7 18. Qc2 1-0

[Event "Portugal Open 2020"]
[Site "Lisboa POR"]
[Date "2020.01.28"]
[Round "5.31"]
[White "Lekic, Dusan"]
[Black "Pastor Alonso De Prado, Alberto"]
[Result "1/2-1/2"]
[WhiteElo "2343"]
[BlackElo "2074"]
[WhiteFideId "905330"]
[BlackFideId "2255740"]
[WhiteTitle "IM"]
[WhiteCountry "MNE"]
[BlackCountry "ESP"]
[PlyCount "54"]
[EventDate "2020.??.??"]

1. d4 d5 2. c4 e6 3. Nf3 Nf6 4. g3 Be7 5. Bg2 O-O 6. O-O dxc4 7. Ne5 Nc6 8. Nxc6
bxc6 9. Na3 Bxa3 10. bxa3 Ba6 11. Qd2 Rb8 12. Qa5 Qc8 13. a4 Rd8 14. Ba3 c3 15.
Be7 Rxd4 16. Bxf6 gxf6 17. Qxc3 Qd8 18. Bf3 Rbb4 19. Rfc1 Rbc4 20. Qb3 c5 21.
Rxc4 Bxc4 22. Qc2 Bd5 23. e4 Ba8 24. Qxc5 f5 25. Qxa7 Bxe4 26. Bxe4 fxe4 27. a5
Rd1+ 1/2-1/2

[Event "Portugal Open 2020"]
[Site "Lisboa POR"]
[Date "2020.01.28"]
[Round "5.32"]
[White "Fernandes, Ricardo Paulos"]
[Black "Napoli, Nicolo"]
[Result "0-1"]
[WhiteElo "2100"]
[BlackElo "2333"]
[WhiteFideId "1943464"]
[BlackFideId "813702"]
[BlackTitle "FM"]
[WhiteCountry "POR"]
[BlackCountry "ITA"]
[PlyCount "64"]
[EventDate "2020.??.??"]

1. Nf3 d5 2. b3 Nf6 3. Bb2 g6 4. e3 Bg7 5. c4 O-O 6. Be2 dxc4 7. bxc4 c5 8. O-O
Nc6 9. d3 b6 10. a3 Bb7 11. Qc2 Qc7 12. Nc3 Rad8 13. Rad1 Qb8 14. h3 Rfe8 15.
Rfe1 Na5 16. Nb1 e5 17. e4 Nc6 18. Nbd2 Qc8 19. Bf1 Nd7 20. g3 Nf8 21. Bg2 Ne6
22. Nf1 Ncd4 23. Qb1 Nxf3+ 24. Bxf3 Ng5 25. Nh2 Nxf3+ 26. Nxf3 Qxh3 27. Qc1 Bf6
28. Bc3 Bc8 29. Nh2 Bg7 30. a4 Rd6 31. Qb2 g5 32. Rd2 g4 0-1

[Event "Portugal Open 2020"]
[Site "Lisboa POR"]
[Date "2020.01.28"]
[Round "5.33"]
[White "Saltão, João"]
[Black "Esquivias Quintero, Luis Manuel"]
[Result "0-1"]
[WhiteElo "1912"]
[BlackElo "2318"]
[WhiteFideId "1907875"]
[BlackFideId "32018215"]
[BlackTitle "FM"]
[WhiteCountry "POR"]
[BlackCountry "ESP"]
[PlyCount "68"]
[EventDate "2020.??.??"]

1. d4 Nf6 2. Nf3 e6 3. Bg5 c5 4. c3 Qb6 5. Qb3 Nc6 6. Qxb6 axb6 7. e3 d5 8. Nbd2
Bd6 9. Bh4 Bd7 10. Bg3 Ke7 11. Bd3 Bxg3 12. hxg3 c4 13. Bc2 b5 14. e4 b4 15. e5
Ne8 16. Rxh7 Rxh7 17. Bxh7 g6 18. Nh4 Nc7 19. Bxg6 fxg6 20. Nxg6+ Kf7 21. Nf4
Nb5 22. Ne2 bxc3 23. bxc3 Na3 24. O-O-O b5 25. Rh1 Kg7 26. Nf4 b4 27. Nh5+ Kg6
28. Nf4+ Kg7 29. Nh5+ Kf8 30. Nf6 Ra7 31. Rh7 bxc3 32. Nf3 Nb4 33. Ng5 Nxa2+ 34.
Kd1 Ba4+ 0-1

[Event "Portugal Open 2020"]
[Site "Lisboa POR"]
[Date "2020.01.28"]
[Round "5.34"]
[White "Chkhaidze, Nikoloz"]
[Black "Ruiz Bellón, Manuel"]
[Result "1-0"]
[WhiteElo "2288"]
[BlackElo "1985"]
[WhiteFideId "13601750"]
[BlackFideId "32011504"]
[WhiteTitle "FM"]
[WhiteCountry "GEO"]
[BlackCountry "ESP"]
[PlyCount "63"]
[EventDate "2020.??.??"]

1. c4 Nf6 2. g3 d5 3. cxd5 Nxd5 4. Bg2 c6 5. Nf3 Nd7 6. O-O e5 7. e4 N5f6 8. d4
Qc7 9. dxe5 Nxe5 10. Nxe5 Qxe5 11. Nc3 g5 12. Be3 Be7 13. Bd4 Qe6 14. e5 Nd7 15.
f4 gxf4 16. gxf4 Rg8 17. f5 Qh6 18. Qf3 Qh4 19. Ne4 Nb6 20. e6 Nd5 21. f6 Bb4
22. a3 Bxe6 23. axb4 Bh3 24. Rf2 Nf4 25. Qxf4 Rxg2+ 26. Kh1 Rg4 27. Qe5+ Kf8 28.
Nd6 Rg5 29. Qe7+ Kg8 30. Qxf7+ Kh8 31. Qxb7 Rf8 32. Qg7+ 1-0

[Event "Portugal Open 2020"]
[Site "Lisboa POR"]
[Date "2020.01.28"]
[Round "5.35"]
[White "Fróis, António"]
[Black "Coelho, Pedro"]
[Result "1-0"]
[WhiteElo "2273"]
[BlackElo "1856"]
[WhiteFideId "1900080"]
[BlackFideId "1905694"]
[WhiteTitle "IM"]
[WhiteCountry "POR"]
[BlackCountry "POR"]
[PlyCount "93"]
[EventDate "2020.??.??"]

1. Nf3 d5 2. g3 Nf6 3. Bg2 c6 4. O-O Bg4 5. d3 e6 6. b3 Nbd7 7. Bb2 Be7 8. Nbd2
O-O 9. c4 Rc8 10. Qc2 a6 11. Rac1 Re8 12. Rfd1 b5 13. e4 e5 14. exd5 cxd5 15. h3
Bh5 16. Re1 Bd6 17. Nh4 Qb6 18. g4 Bg6 19. Nxg6 hxg6 20. Nf1 Qd8 21. Qe2 Nb6 22.
Ng3 b4 23. g5 Nfd7 24. h4 f5 25. cxd5 Kf7 26. Rc6 Rxc6 27. dxc6 Nc5 28. Qf3 Kg8
29. h5 Qxg5 30. hxg6 f4 31. Ne4 Nxe4 32. Qxe4 f3 33. Qxf3 Qxg6 34. Qe4 Qg5 35.
d4 Qd2 36. Qe2 Qf4 37. dxe5 Bc5 38. Qc2 Qf8 39. Rc1 Be7 40. Bd4 Nc8 41. Bd5+ Kh8
42. Qg6 Qf4 43. Qh5+ Qh6 44. Qxe8+ Kh7 45. Bg8+ Kh8 46. Bf7+ Kh7 47. Qg8# 1-0

[Event "Portugal Open 2020"]
[Site "Lisboa POR"]
[Date "2020.01.28"]
[Round "5.36"]
[White "Roque, Armando"]
[Black "Hill, Alistair"]
[Result "0-1"]
[WhiteElo "1960"]
[BlackElo "2217"]
[WhiteFideId "1939149"]
[BlackFideId "432407"]
[WhiteCountry "POR"]
[BlackCountry "ENG"]
[PlyCount "102"]
[EventDate "2020.??.??"]

1. d4 Nf6 2. c4 g6 3. Nc3 d5 4. Nf3 Bg7 5. Qb3 dxc4 6. Qxc4 O-O 7. e4 Nc6 8. Be2
e5 9. d5 Nd4 10. Nxd4 exd4 11. Qxd4 c6 12. Bg5 Nxd5 13. Qxg7+ Kxg7 14. Bxd8 Nxc3
15. bxc3 Rxd8 16. Rd1 Be6 17. a3 Rxd1+ 18. Kxd1 Rd8+ 19. Kc2 f5 20. Bd3 f4 21.
Rd1 Kf6 22. Be2 Rf8 23. h3 h5 24. Rd2 Ke5 25. f3 g5 26. Kb2 Rg8 27. Bd1 g4 28.
hxg4 hxg4 29. Bb3 g3 30. Bxe6 Kxe6 31. c4 Rh8 32. Kc2 Rh1 33. Kb2 Rf1 34. Kc2 b6
35. Kb2 Ke5 36. Kc2 a5 37. Kc3 Rc1+ 38. Rc2 Rb1 39. Rb2 Ra1 40. Kb3 Kd4 41. Rd2+
Ke3 42. Rc2 Rd1 43. Kb2 a4 44. Rc3+ Kd4 45. Rc2 c5 46. Rc1 Rd3 47. Rc2 Re3 48.
Rc1 Re2+ 49. Rc2 Rf2 50. Kb1 Kd3 51. Rb2 Kxc4 0-1

[Event "Portugal Open 2020"]
[Site "Lisboa POR"]
[Date "2020.01.28"]
[Round "5.37"]
[White "Graf, Peter"]
[Black "Palozza, Christian"]
[Result "0-1"]
[WhiteElo "1900"]
[BlackElo "2198"]
[WhiteFideId "12969400"]
[BlackFideId "895580"]
[BlackTitle "FM"]
[WhiteCountry "GER"]
[BlackCountry "ITA"]
[PlyCount "136"]
[EventDate "2020.??.??"]

1. e4 c6 2. d4 d5 3. exd5 cxd5 4. Bd3 Nf6 5. Bf4 Nc6 6. c3 g6 7. Nf3 Bg7 8. O-O
O-O 9. Nbd2 Bf5 10. Bxf5 gxf5 11. Ne5 Rc8 12. Nb3 e6 13. Re1 Nxe5 14. Bxe5 Ng4
15. Bf4 Qh4 16. Qf3 Kh8 17. Qg3 Qh5 18. f3 Nf6 19. Qg5 Rg8 20. Kf1 Qxg5 21. Bxg5
Nd7 22. Bf4 b5 23. a3 Bf6 24. Bd6 Rc6 25. Bb4 Nb6 26. Na5 Rc7 27. Re2 Rgc8 28.
Bd6 Rd7 29. Be5 Bxe5 30. Rxe5 Nc4 31. Nxc4 Rxc4 32. f4 h5 33. h4 a5 34. Re3 Rdc7
35. Ke2 Kg7 36. Kd2 b4 37. axb4 axb4 38. Ra8 Rb7 39. Rg3+ Kf6 40. Kc2 bxc3 41.
bxc3 Rc6 42. Ra2 Rcb6 43. Rf3 Rb1 44. g3 Rg1 45. Kd3 Rb8 46. Ke3 Rg8 47. Kf2 Rh1
48. Ra3 Rh2+ 49. Kg1 Rxh4 50. Kg2 Rhg4 51. Kf2 h4 52. gxh4 Rg2+ 53. Ke3 Rh2 54.
Rf2 Rg3+ 55. Ke2 Rxh4 56. Kd2 Rgg4 57. Ke3 Rh3+ 58. Rf3 Rh2 59. Ra1 Rgg2 60. Rd1
Kg6 61. Kd3 Kh5 62. c4 Kg4 63. Re3 dxc4+ 64. Kxc4 Rc2+ 65. Rc3 Rxc3+ 66. Kxc3
Kxf4 67. d5 exd5 68. Rxd5 Re2 0-1

[Event "Portugal Open 2020"]
[Site "Lisboa POR"]
[Date "2020.01.28"]
[Round "5.39"]
[White "Stella, Andrea"]
[Black "Rafael, Manuel"]
[Result "1-0"]
[WhiteElo "2465"]
[BlackElo "1727"]
[WhiteFideId "827061"]
[BlackFideId "1921533"]
[WhiteTitle "GM"]
[WhiteCountry "ITA"]
[BlackCountry "POR"]
[PlyCount "59"]
[EventDate "2020.??.??"]

1. Nf3 d5 2. c4 c6 3. d4 Nf6 4. Nc3 dxc4 5. a4 Bf5 6. e3 e6 7. Bxc4 Nbd7 8. O-O
Qa5 9. Qe2 Ne4 10. Nxe4 Bxe4 11. Nd2 Bg6 12. e4 Nb6 13. Bd3 Bb4 14. g4 Be7 15.
f4 f6 16. Nf3 O-O 17. f5 Bf7 18. g5 exf5 19. gxf6 gxf6 20. Nh4 fxe4 21. Qxe4 Qh5
22. Nf5 Rfe8 23. Nh6+ Kf8 24. Qxh7 Bd6 25. Qh8+ Ke7 26. Qxf6+ Kd7 27. Qxf7+ Qxf7
28. Rxf7+ Ke6 29. a5 Nd5 30. Bf5# 1-0